Gaonburha (Record no. 2585)

MARC details
000 -LEADER
fixed length control field 00458cam a2200181ua 4500
008 - FIXED-LENGTH DATA ELEMENTS--GENERAL INFORMATION
fixed length control field 110907n ii |||gr||||Z||||||asm
040 ## - CATALOGING SOURCE
Transcribing agency MAIN
082 ## - DEWEY DECIMAL CLASSIFICATION NUMBER
Classification number 891.4512
100 1# - MAIN ENTRY--PERSONAL NAME
Personal name Gohainbarua, Padmanath,
Relator term
245 11 - TITLE STATEMENT
Title Gaonburha
Statement of responsibility, etc. by Padmanath Gohainbarua
250 ## - EDITION STATEMENT
Edition statement 1st.
260 ## - PUBLICATION, DISTRIBUTION, ETC.
Place of publication, distribution, etc. Guahati:
Name of publisher, distributor, etc. Secretary publication board assam,987.
300 ## - PHYSICAL DESCRIPTION
Extent 51p:
Dimensions 23cm.
942 ## - ADDED ENTRY ELEMENTS (KOHA)
Koha item type Books
653 ## - INDEX TERM--UNCONTROLLED
Uncontrolled term Assamese drama
653 ## - INDEX TERM--UNCONTROLLED
Uncontrolled term Gaonburha
Holdings
Withdrawn status Lost status Damaged status Not for loan Home library Current library Shelving location Date acquired Total Checkouts Full call number Barcode Date last seen Date last checked out Copy number Price effective from Koha item type
        Naharkatiya College Library Naharkatiya College Library General Stacks 19/09/2020 2 891.4512 | GOH 8677 22/01/2026 09/12/2025 1 19/09/2020 Books

Naharkatiya College © 2020. All rights reserved.

Powered By